000 00458nam a2200181Ia 4500
001 20206
005 20260306172749.0
008 260306t2024||||xx |||||||||||||| ||spa||
041 _aESP
082 _a343
_bC89
100 _aCrispín Sánchez, Arturo,
_eAUT
245 0 _aLos acuerdos plenarios constitucionales en la actualidad
260 _c2024
300 _a399 páginas :
_c25 cm.
650 _aGEN
654 _aCDE
942 _cLIB
_dJUS
_fJUS
_2ddc
_n
999 _c20206
_d20206